Zavádzanie systému environmentálneho manažérstva firmy v súlade s marketingovou stratégiou diplomová práca

Gespeichert in:
Bibliographische Detailangaben
1. Verfasser: Rochová, Ľubica
Körperschaft: Podnikovohospodárska fakulta EU so sídlom v Košiciach. Katedra marketingu a obchodu
Weitere Verfasser: Andrejovský, Pavol, 1975-
Format: Buch
Sprache:Slowakisch
Veröffentlicht: Košice 2011
Tags: Tag hinzufügen
Keine Tags, Fügen Sie das erste Tag hinzu!

MARC

LEADER 00000nbm a2200000 4500
001 0139482
005 20161109101920.0
041 0 |a slo 
044 |a SK 
245 1 0 |a Zavádzanie systému environmentálneho manažérstva firmy v súlade s marketingovou stratégiou  |b diplomová práca  |c Ľubica Rochová ; školiteľ: Pavol Andrejovský 
264 1 |a Košice  |c 2011 
300 |a 87 s. 
100 1 |a Rochová, Ľubica 
700 1 |a Andrejovský, Pavol, 1975- 
710 2 |a Podnikovohospodárska fakulta EU so sídlom v Košiciach. Katedra marketingu a obchodu